Statistics for Oldest Countries A-Z

Click here to take the quiz!

General Stats

  • This quiz has been taken 822 times
    (819 since last reset)
  • The average score is 14 of 24

Answer Stats

LetterCountry% Correct
UUnited Kingdom
87%
YYemen
83%
OOman
82%
QQatar
82%
ZZambia
81%
JJapan
79%
FFinland
70%
VVietnam
66%
HHungary
65%
IIreland
65%
PPortugal
65%
NNorway
64%
EEthiopia
62%
RRomania
58%
TThailand
52%
AAndorra
51%
BBulgaria
44%
KKuwait
44%
LLithuania
43%
SSan Marino
41%
GGeorgia
40%
CChile
36%
DDominican Republic
33%
MMyanmar
24%

Score Distribution

Percentile by Number Answered

Percent of People with Each Score

Your Score History

You have not taken this quiz since the last reset